Vista normal Vista MARC

Entrada Término temático

Número de registros utilizados en: 61

001 - NÚMERO DE CONTROL

  • campo de control: 3905

003 - IDENTIFICADOR DE NÚMERO DE CONTROL

  • campo de control: OSt

005 - FECHA Y HORA DE LA ÚLTIMA TRANSACCIÓN

  • campo de control: 20221005155024.0

008 - ELEMENTOS DE DATO DE LONGITUD-FIJA

  • campo de control de longitud fija: 221005|| aca||aabn | a|a d

040 ## - FUENTE DE CATALOGACIÓN

  • Centro catalogador/agencia de origen: OSt
  • Centro/agencia transcriptor: OSt

150 ## - ENCABEZAMIENTO--TÉRMINO DE MATERIA

  • Término de materia o nombre geográfico como elemento de entrada: GUARDIAN DE EDIFICIOS

670 ## - FUENTE DE DATOS ENCONTRADOS

  • Cita de la fuente: Work cat.: (OSt)2970: ESPAÑA. Ministerio de Trabajo y Seguridad Social Inspección Provincial de León 3903, Respuesta de la Inspección Provincial de León sobre la celebración de contratos de trabajo en prácticas en empresas de seguridad, 1991

Con tecnología Koha